| 000 | 02010cam a22005294i 4500 | ||
|---|---|---|---|
| 003 | PE-LiUPU | ||
| 005 | 20250731173532.0 | ||
| 008 | 150616s r 000 0 d | ||
| 020 | _a0801043670 | ||
| 035 | _a(Sirsi) i9780801043673 | ||
| 040 |
_aPE-LiUPU _bspa _cPE-LiUPU _erda |
||
| 049 | _aPRUA | ||
| 082 | 0 | 4 |
_a268 _bH11 _221 |
| 100 | 1 |
_aHabermas, Ronald, _eautor. |
|
| 245 | 1 | 0 |
_aTeaching for reconciliation : _bfoundations and practice of christian educational ministry / _cRonald Habermas. |
| 264 | 1 |
_aGrand Rapids, Michigan : _bBaker Book House, _c1992. |
|
| 300 |
_a421 páginas : _bilustraciones gráfs., diagrs. ; _c26 centímetros |
||
| 336 |
_atext _2rdacontent |
||
| 337 |
_aunmediated _2rdamedia |
||
| 338 |
_avolume _2rdacarrier |
||
| 500 | _aing. 42298: 26e97. | ||
| 504 | _aIncluye bibliografía. | ||
| 505 | 0 | _aEducational ministry foundations.- Educational ministry practice. | |
| 526 | _aSEG42 | ||
| 526 | _aSEG41 | ||
| 526 | _aSEG40 | ||
| 526 | _aSEG39 | ||
| 526 | _aP94 | ||
| 526 | _aP87 | ||
| 526 | _aP86 | ||
| 526 | _aP85 | ||
| 526 | _aP77 | ||
| 526 | _aP76 | ||
| 526 | _aP35 | ||
| 650 | 0 | 4 | _aEducación cristiana. |
| 700 | 1 | _aKlaus Issler. | |
| 910 |
_ajck _bjvq _cjck |
||
| 942 |
_2ddc _cBOOK |
||
| 949 |
_a268 H11 _wDEWEY _c1 _i45207 _lCCODEBUL1 _mBUL _r0 _sY _tBOOK _u2015-4-23 _xTEOLOGIA _zUNKNOWN _0COMPRA _o.STAFF. Colección General |
||
| 949 |
_a268 H11 _wDEWEY _c2 _i42298 _lCCODEBUL1 _mBUL _r0 _sY _tBOOK _u2015-6-16 _xTEOLOGIA _zUNKNOWN _0COMPRA _o.STAFF. Colección General |
||
| 994 |
_aC0 _bPEPRU |
||
| 596 | _a1 | ||
| 999 |
_a268 H11 _wDEWEY _c60130 _i45207 _f2021-11-10 _g5 _lCCODEBUL1 _mBUL _r0 _sY _tBOOK _u2015-4-23 _xTEOLOGIA _zUNKNOWN _0COMPRA _o.STAFF. Colección General _d60130 |
||
| 999 |
_a268 H11 _wDEWEY _c2 _i42298 _f2021-11-10 _g5 _lCCODEBUL1 _mBUL _r0 _sY _tBOOK _u2015-6-16 _xTEOLOGIA _zUNKNOWN _0COMPRA _o.STAFF. Colección General |
||
| 980 |
_81 _gALBERTO SANCHEZ Responsable de Automatización |
||